Random Objects by Picture #2 - Statistics

General Stats
  • This quiz has been taken 8 times
  • The average score is 6 of 18
Answer Stats
Picture Answer % Correct
Duck
100%
Pig
67%
Asian Elephant
50%
Bull
50%
Caribou
50%
Siberian Tiger
50%
African Buffalo
33%
Mario Party
33%
Aurochs
17%
Black Wolverine
17%
Grevy's Zebra
17%
Holstein Cow
17%
Irish Elk
17%
Masai Giraffe
17%
Plains Zebra
17%
Reticulated Giraffe
17%
Saiga Antelope
17%
Snow Goose
17%
No matching quizzes found
Score Distribution
Percent of People with Each Score
Percentile by Number Answered
Your Score History
You have not taken this quiz